[Event "Turkish Women-ch Arzum 2022"]
[Site "Ayvalik"]
[Date "2022.03.08"]
[Round "5.24"]
[White "Bassari, Senem Gul"]
[Black "Ozer, Melike Busra"]
[Result "0-1"]
[WhiteElo "1197"]
[BlackElo "1300"]
[Annotator "NA RC"]
[PlyCount "178"]
[EventDate "2022.03.04"]
[EventType "swiss"]
[EventCountry "TUR"]
[SourceTitle "playchess.com"]
[Source "ChessBase"]
[SourceQuality "1"]
[TimeControl "5400+30"]

1. e4 {[%emt 0:01:00]} c5 {[%emt 0:01:00]} 2. c3 {[%emt 0:00:00]} e6 {[%emt 0:00:30]} 3. d4 {[%emt 0:01:00]} cxd4 {[%emt 0:00:30]} 4. cxd4 {[%emt 0:00:30]} d5 {[%emt 0:00:00]} 5. e5 {[%emt 0:00:00]} Nc6 {[%emt 0:00:00]} 6. Nf3 {[%emt 0:00:00]} Nge7 {[%emt 0:02:30]} 7. Na3 {[%emt 0:01:30]} Nf5 {[%emt 0:02:30]} 8. Nc2 {[%emt 0:01:30]} Qb6 {[%emt 0:03:30]} 9. Bd3 {[%emt 0:01:30]} Bb4+ {[%emt 0:03:30]} 10. Nxb4 {[%emt 0:11:30]} Qxb4+ {[%emt 0:00:30]} 11. Bd2 {[%emt 0:08:30]} Qxb2 {[%emt 0:02:30]} 12. O-O {[%emt 0:04:30]} Nfxd4 {[%emt 0:01:30]} 13. Nxd4 {[%emt 0:04:30]} Qxd4 {[%emt 0:00:30]} 14. Be3 {[%emt 0:09:30]} Qxe5 {[%emt 0:04:30]} 15. Qg4 {[%emt 0:03:30]} O-O {[%emt 0:03:30]} 16. Rac1 {[%emt 0:04:30]} f5 {[%emt 0:08:30]} 17. Qh4 {[%emt 0:08:30]} Qf6 {[%emt 0:01:30]} 18. Qa4 {[%emt 0:09:30]} d4 {[%emt 0:03:30]} 19. Bd2 {[%emt 0:01:30]} e5 {[%emt 0:00:30]} 20. Qb3+ {[%emt 0:03:30]} Kh8 {[%emt 0:01:30]} 21. f3 {[%emt 0:03:30]} Rb8 {[%emt 0:05:30]} 22. Bc4 {[%emt 0:09:18]} Bd7 {[%emt 0:02:30]} 23. Rce1 {[%emt 0:05:37]} Rfe8 {[%emt 0:07:30]} 24. Bd3 {[%emt 0:03:57]} Be6 {[%emt 0:03:30]} 25. Qb1 {[%emt 0:01:00]} Qf7 {[%emt 0:01:30]} 26. a3 {[%emt 0:00:43]} Rbc8 {[%emt 0:01:30]} 27. Rc1 {[%emt 0:01:02]} Rc7 {[%emt 0:04:30]} 28. Rc2 {[%emt 0:01:17]} Rec8 {[%emt 0:01:30]} 29. Rfc1 {[%emt 0:00:09]} Bd5 {[%emt 0:05:30]} 30. Rb2 {[%emt 0:01:02]} g6 {[%emt 0:02:30]} 31. Re1 {[%emt 0:00:34]} Qe7 {[%emt 0:04:30]} 32. Bf4 {[%emt 0:01:10]} Qxa3 {[%emt 0:02:30]} 33. Bg3 {[%emt 0:00:30]} Qe7 {[%emt 0:01:30]} 34. Rbe2 {[%emt 0:00:34]} f4 {[%emt 0:02:29]} 35. Bf2 {[%emt 0:00:22]} Qa3 {[%emt 0:02:41]} 36. Rb2 {[%emt 0:00:34]} Na5 {[%emt 0:01:40]} 37. Rbe2 {[%emt 0:00:39]} Rc1 {[%emt 0:03:53]} 38. Qb5 {[%emt 0:00:17]} R1c5 {[%emt 0:01:51]} 39. Qb1 {[%emt 0:00:18]} Bc4 {[%emt 0:01:32]} 40. Bxc4 {[%emt 0:00:51]} Nxc4 {[%emt 0:00:05]} 41. Qxb7 {[%emt 0:00:05]} R5c7 {[%emt 0:02:06]} 42. Qd5 {[%emt 0:00:33]} d3 {[%emt 0:01:38]} 43. Bh4 {[%emt 0:00:49]} Qd6 {[%emt 0:01:39]} 44. Qxd6 {[%emt 0:00:45]} Nxd6 {[%emt 0:00:02]} 45. Rd2 {[%emt 0:00:12]} Rc1 {[%emt 0:02:56]} 46. Rxd3 {[%emt 0:00:00]} Rxe1+ {[%emt 0:00:12]} 47. Bxe1 {[%emt 0:00:00]} Rc1 {[%emt 0:00:30]} 48. Kf2 {[%emt 0:00:00]} Nc4 {[%emt 0:00:30]} 49. Rd8+ {[%emt 0:00:04]} Kg7 {[%emt 0:00:30]} 50. Rc8 {[%emt 0:00:30]} Rc2+ {[%emt 0:00:30]} 51. Kg1 {[%emt 0:00:30]} Ne3 {[%emt 0:00:30]} 52. Rxc2 {[%emt 0:00:30]} Nxc2 {[%emt 0:00:30]} 53. Bc3 {[%emt 0:00:30]} Nd4 {[%emt 0:00:30]} 54. Kf2 {[%emt 0:00:30]} Kf6 {[%emt 0:00:30]} 55. Ke1 {[%emt 0:00:30]} Ke6 {[%emt 0:00:30]} 56. Kd2 {[%emt 0:00:30]} Kd5 {[%emt 0:00:30]} 57. Kd3 {[%emt 0:00:30]} a6 {[%emt 0:00:30]} 58. Bb4 {[%emt 0:00:30]} Nf5 {[%emt 0:00:30]} 59. Be1 {[%emt 0:00:30]} g5 {[%emt 0:01:10]} 60. g4 {[%emt 0:02:05]} fxg3 {[%emt 0:00:56]} 61. hxg3 {[%emt 0:00:11]} Nd4 {[%emt 0:00:00]} 62. f4 {[%emt 0:00:33]} gxf4 {[%emt 0:00:10]} 63. gxf4 {[%emt 0:00:31]} exf4 {[%emt 0:00:06]} 64. Bd2 {[%emt 0:00:02]} f3 {[%emt 0:00:50]} 65. Ke3 {[%emt 0:00:12]} Kc4 {[%emt 0:00:04]} 66. Ba5 {[%emt 0:01:10]} Nb3 {[%emt 0:01:14]} 67. Bd8 {[%emt 0:00:42]} a5 {[%emt 0:02:24]} 68. Bxa5 {[%emt 0:00:20]} Nxa5 {[%emt 0:00:12]} 69. Kxf3 {[%emt 0:00:06]} Nc6 {[%emt 0:00:24]} 70. Kf4 {[%emt 0:00:30]} Ne7 {[%emt 0:00:00]} 71. Kg5 {[%emt 0:00:11]} Ng8 {[%emt 0:00:00]} 72. Kf5 {[%emt 0:00:18]} Kd5 {[%emt 0:00:00]} 73. Kg5 {[%emt 0:00:30]} Ke5 {[%emt 0:00:15]} 74. Kh5 {[%emt 0:00:10]} Kf5 {[%emt 0:00:30]} 75. Kh4 {[%emt 0:00:00]} Nf6 {[%emt 0:00:11]} 76. Kg3 {[%emt 0:00:18]} Kg5 {[%emt 0:00:00]} 77. Kf3 {[%emt 0:00:00]} Nd5 {[%emt 0:01:24]} 78. Kg3 {[%emt 0:00:15]} h6 {[%emt 0:01:37]} 79. Kh3 {[%emt 0:00:21]} Nf4+ {[%emt 0:00:43]} 80. Kg3 {[%emt 0:00:15]} Ne2+ {[%emt 0:00:43]} 81. Kh3 {[%emt 0:00:33]} h5 {[%emt 0:00:32]} 82. Kg2 {[%emt 0:00:31]} Kg4 {[%emt 0:00:17]} 83. Kh2 {[%emt 0:00:17]} h4 {[%emt 0:01:39]} 84. Kg2 {[%emt 0:00:08]} Nd4 {[%emt 0:00:20]} 85. Kh2 {[%emt 0:00:17]} Nf5 {[%emt 0:00:32]} 86. Kg2 {[%emt 0:00:39]} Ne3+ {[%emt 0:00:06]} 87. Kh2 {[%emt 0:01:40]} h3 {[%emt 0:00:23]} 88. Kg1 {[%emt 0:00:29]} Kg3 {[%emt 0:00:44]} 89. Kh1 {[%emt 0:00:30]} Nd1 {[%emt 0:00:00]} 0-1

[Event "Turkish Women-ch Arzum 2022"]
[Site "Ayvalik"]
[Date "2022.03.08"]
[Round "5.25"]
[White "Sahin, Cagla Yudum"]
[Black "Gedik, Eylul Ceren"]
[Result "1/2-1/2"]
[WhiteElo "1162"]
[BlackElo "1282"]
[Annotator "NA"]
[PlyCount "145"]
[EventDate "2022.03.04"]
[EventType "swiss"]
[EventCountry "TUR"]
[SourceTitle "playchess.com"]
[Source "ChessBase"]
[SourceQuality "1"]
[TimeControl "5400+30"]

1. e4 {[%emt 0:01:00]} c5 {[%emt 0:03:00]} 2. Nc3 {[%emt 0:00:00]} Nc6 {[%emt 0:00:30]} 3. Bb5 {[%emt 0:00:00]} Nd4 {[%emt 0:00:30]} 4. Nf3 {[%emt 0:00:30]} a6 {[%emt 0:01:30]} 5. Bd3 {[%emt 0:00:00]} b5 {[%emt 0:09:30]} 6. Nxd4 {[%emt 0:02:00]} cxd4 {[%emt 0:00:30]} 7. Ne2 {[%emt 0:00:00]} e5 {[%emt 0:02:30]} 8. c3 {[%emt 0:01:00]} dxc3 {[%emt 0:04:30]} 9. dxc3 {[%emt 0:00:30]} Bb7 {[%emt 0:13:30]} 10. O-O {[%emt 0:01:30]} d5 {[%emt 0:07:30]} 11. Ng3 {[%emt 0:03:30]} Bc5 {[%emt 0:08:30]} 12. Qg4 {[%emt 0:04:30]} g6 {[%emt 0:05:30]} 13. Rd1 {[%emt 0:19:30]} Qb6 {[%emt 0:07:30]} 14. Qe2 {[%emt 0:03:30]} d4 {[%emt 0:04:30]} 15. c4 {[%emt 0:05:30]} b4 {[%emt 0:01:30]} 16. Qg4 {[%emt 0:06:30]} Nf6 {[%emt 0:05:30]} 17. Qg5 {[%emt 0:02:30]} Nd7 {[%emt 0:00:30]} 18. Qh6 {[%emt 0:01:30]} Bf8 {[%emt 0:00:30]} 19. Qh4 {[%emt 0:03:30]} Nc5 {[%emt 0:02:30]} 20. Bh6 {[%emt 0:05:30]} Be7 {[%emt 0:00:42]} 21. Qg4 {[%emt 0:01:30]} f6 {[%emt 0:06:32]} 22. h4 {[%emt 0:04:30]} Qc6 {[%emt 0:04:10]} 23. Qf3 {[%emt 0:06:30]} Rg8 {[%emt 0:02:24]} 24. Bd2 {[%emt 0:02:30]} f5 {[%emt 0:01:38]} 25. Re1 {[%emt 0:00:30]} Nxd3 {[%emt 0:02:10]} 26. Qxd3 {[%emt 0:00:00]} f4 {[%emt 0:00:00]} 27. Ne2 {[%emt 0:01:00]} a5 {[%emt 0:01:18]} 28. a3 {[%emt 0:01:30]} bxa3 {[%emt 0:02:32]} 29. bxa3 {[%emt 0:00:00]} Bxh4 {[%emt 0:00:29]} 30. Rab1 {[%emt 0:00:00]} Ba6 {[%emt 0:00:33]} 31. Qh3 {[%emt 0:02:30]} Bf6 {[%emt 0:01:17]} 32. Qxh7 {[%emt 0:01:30]} Rg7 {[%emt 0:00:11]} 33. Rb6 {[%emt 0:04:51]} Qxb6 {[%emt 0:01:40]} 34. Qh8+ {[%emt 0:00:28]} Kf7 {[%emt 0:00:40]} 35. Qxa8 {[%emt 0:00:13]} Bxc4 {[%emt 0:00:59]} 36. Qc8 {[%emt 0:00:49]} Be6 {[%emt 0:00:33]} 37. Qc2 {[%emt 0:00:46]} Bh4 {[%emt 0:00:32]} 38. Qd3 {[%emt 0:01:52]} Kf6 {[%emt 0:00:30]} 39. Rb1 {[%emt 0:00:43]} Qc6 {[%emt 0:00:19]} 40. Rc1 {[%emt 0:00:45]} Qa4 {[%emt 0:00:28]} 41. g3 {[%emt 0:01:48]} Bg5 {[%emt 0:00:46]} 42. gxf4 {[%emt 0:00:51]} exf4 {[%emt 0:00:14]} 43. Nxf4 {[%emt 0:00:37]} Bxf4 {[%emt 0:00:36]} 44. Bxf4 {[%emt 0:00:11]} Rd7 {[%emt 0:00:37]} 45. Qf3 {[%emt 0:00:51]} Qb3 {[%emt 0:00:32]} 46. Qg2 {[%emt 0:01:12]} Qxa3 {[%emt 0:00:33]} 47. Qg5+ {[%emt 0:00:30]} Kf7 {[%emt 0:00:07]} 48. Be5 {[%emt 0:00:51]} Qe7 {[%emt 0:00:01]} 49. Qh6 {[%emt 0:00:18]} Qf8 {[%emt 0:00:44]} 50. Qh7+ {[%emt 0:00:53]} Ke8 {[%emt 0:00:02]} 51. Qxg6+ {[%emt 0:01:24]} Qf7 {[%emt 0:00:00]} 52. Rc8+ {[%emt 0:00:44]} Rd8 {[%emt 0:00:11]} 53. Rxd8+ {[%emt 0:01:58]} Kxd8 {[%emt 0:00:01]} 54. Qxf7 {[%emt 0:00:28]} Bxf7 {[%emt 0:00:30]} 55. Bxd4 {[%emt 0:00:00]} Kd7 {[%emt 0:00:00]} 56. f4 {[%emt 0:00:25]} a4 {[%emt 0:00:05]} 57. Bb2 {[%emt 0:00:31]} Kd6 {[%emt 0:00:54]} 58. Ba3+ {[%emt 0:00:19]} Ke6 {[%emt 0:00:10]} 59. Kf2 {[%emt 0:00:12]} Be8 {[%emt 0:00:16]} 60. Ke3 {[%emt 0:00:30]} Bb5 {[%emt 0:00:00]} 61. Kd4 {[%emt 0:00:09]} Bc6 {[%emt 0:00:00]} 62. f5+ {[%emt 0:01:48]} Kf6 {[%emt 0:00:28]} 63. Ke3 {[%emt 0:00:00]} Bd7 {[%emt 0:00:07]} 64. Kf4 {[%emt 0:00:03]} Bc8 {[%emt 0:00:00]} 65. e5+ {[%emt 0:00:48]} Kf7 {[%emt 0:00:03]} 66. Kg5 {[%emt 0:00:52]} Bd7 {[%emt 0:00:02]} 67. f6 {[%emt 0:02:51]} Be6 {[%emt 0:00:59]} 68. Kf4 {[%emt 0:00:36]} Bd5 {[%emt 0:00:00]} 69. Kf5 {[%emt 0:00:52]} Be6+ {[%emt 0:00:18]} 70. Ke4 {[%emt 0:00:30]} Bb3 {[%emt 0:00:00]} 71. Kd4 {[%emt 0:00:00]} Be6 {[%emt 0:00:00]} 72. Kc5 {[%emt 0:00:48]} Ba2 {[%emt 0:00:00]} 73. Kd4 {[%emt 0:00:51]} 1/2-1/2

[Event "Turkish Women-ch Arzum 2022"]
[Site "Ayvalik"]
[Date "2022.03.08"]
[Round "5.26"]
[White "Guleryuz, Zeynep"]
[Black "Gonultas, Bakriya Anastasiya"]
[Result "0-1"]
[WhiteElo "1186"]
[BlackElo "1232"]
[Annotator "NA RC"]
[PlyCount "102"]
[EventDate "2022.03.04"]
[EventType "swiss"]
[EventCountry "TUR"]
[SourceTitle "playchess.com"]
[Source "ChessBase"]
[SourceQuality "1"]
[TimeControl "5400+30"]

1. e4 {[%emt 0:01:00]} e5 {[%emt 0:01:00]} 2. Nf3 {[%emt 0:00:30]} Nc6 {[%emt 0:00:30]} 3. Bc4 {[%emt 0:00:00]} Nf6 {[%emt 0:00:00]} 4. d3 {[%emt 0:00:00]} Bc5 {[%emt 0:00:00]} 5. c3 {[%emt 0:03:30]} O-O {[%emt 0:00:30]} 6. O-O {[%emt 0:00:00]} a6 {[%emt 0:00:30]} 7. Bb3 {[%emt 0:06:00]} d6 {[%emt 0:00:30]} 8. h3 {[%emt 0:00:30]} Ne7 {[%emt 0:00:00]} 9. Re1 {[%emt 0:00:30]} Ng6 {[%emt 0:00:00]} 10. Nbd2 {[%emt 0:02:30]} Nh5 {[%emt 0:00:00]} 11. d4 {[%emt 0:05:30]} exd4 {[%emt 0:00:00]} 12. cxd4 {[%emt 0:01:30]} Bb4 {[%emt 0:00:30]} 13. a3 {[%emt 0:00:30]} Ba5 {[%emt 0:00:30]} 14. Bc2 {[%emt 0:01:30]} Nhf4 {[%emt 0:00:30]} 15. b4 {[%emt 0:02:30]} Bb6 {[%emt 0:00:00]} 16. Nf1 {[%emt 0:07:30]} h6 {[%emt 0:15:00]} 17. Ng3 {[%emt 0:06:30]} Re8 {[%emt 0:03:30]} 18. Bb2 {[%emt 0:09:30]} Nh4 {[%emt 0:05:30]} 19. Nf5 {[%emt 0:17:30]} Nhxg2 {[%emt 0:01:30]} 20. Bc1 {[%emt 0:10:30]} Bxf5 {[%emt 0:08:30]} 21. Bxf4 {[%emt 0:05:21]} Bxh3 {[%emt 0:00:30]} 22. Bg3 {[%emt 0:04:56]} Nxe1 {[%emt 0:00:30]} 23. Nxe1 {[%emt 0:00:17]} d5 {[%emt 0:00:30]} 24. e5 {[%emt 0:02:28]} Qg5 {[%emt 0:01:30]} 25. Qd3 {[%emt 0:01:15]} g6 {[%emt 0:00:30]} 26. f4 {[%emt 0:00:30]} Qg4 {[%emt 0:00:30]} 27. Bd1 {[%emt 0:01:01]} Qf5 {[%emt 0:00:30]} 28. Rc1 {[%emt 0:01:39]} Qe6 {[%emt 0:00:30]} 29. Bf2 {[%emt 0:00:44]} a5 {[%emt 0:00:30]} 30. Kh2 {[%emt 0:01:31]} Bf5 {[%emt 0:00:30]} 31. Qg3 {[%emt 0:01:17]} axb4 {[%emt 0:00:00]} 32. axb4 {[%emt 0:00:00]} Ra2 {[%emt 0:01:00]} 33. Qh4 {[%emt 0:01:10]} Bxd4 {[%emt 0:02:30]} 34. Qxh6 {[%emt 0:01:04]} Rxf2+ {[%emt 0:00:30]} 35. Kg3 {[%emt 0:00:24]} Rf1 {[%emt 0:02:30]} 36. Nf3 {[%emt 0:01:04]} Bb6 {[%emt 0:04:30]} 37. Ng5 {[%emt 0:02:45]} Rg1+ {[%emt 0:00:30]} 38. Kh2 {[%emt 0:00:36]} Rxg5 {[%emt 0:00:00]} 39. Qxg5 {[%emt 0:00:56]} Be4 {[%emt 0:00:00]} 40. Qh6 {[%emt 0:01:07]} Qf5 {[%emt 0:00:30]} 41. Rc3 {[%emt 0:00:55]} Ra8 {[%emt 0:00:30]} 42. Bb3 {[%emt 0:00:36]} Qh5+ {[%emt 0:02:30]} 43. Qxh5 {[%emt 0:00:13]} gxh5 {[%emt 0:00:30]} 44. Rc1 {[%emt 0:00:31]} Ra3 {[%emt 0:00:00]} 45. Bd1 {[%emt 0:00:07]} h4 {[%emt 0:00:00]} 46. Bg4 {[%emt 0:00:39]} f5 {[%emt 0:00:30]} 47. Bh5 {[%emt 0:00:34]} Rb3 {[%emt 0:04:30]} 48. e6 {[%emt 0:00:30]} Kf8 {[%emt 0:00:00]} 49. Ra1 {[%emt 0:00:09]} Ke7 {[%emt 0:00:00]} 50. Bf7 {[%emt 0:00:56]} Be3 {[%emt 0:00:30]} 51. Kh3 {[%emt 0:00:43]} Bd4+ {[%emt 0:00:30]} 0-1

[Event "Turkish Women-ch Arzum 2022"]
[Site "Ayvalik"]
[Date "2022.03.08"]
[Round "5.27"]
[White "Bodur, Ilke Lal"]
[Black "Karatiken, Beray"]
[Result "0-1"]
[WhiteElo "1151"]
[BlackElo "1380"]
[Annotator "NA RC"]
[PlyCount "96"]
[EventDate "2022.03.04"]
[EventType "swiss"]
[EventCountry "TUR"]
[SourceTitle "playchess.com"]
[Source "ChessBase"]
[SourceQuality "1"]
[TimeControl "5400+30"]

1. e4 {[%emt 0:01:00]} c5 {[%emt 0:01:00]} 2. c3 {[%emt 0:00:00]} e6 {[%emt 0:00:30]} 3. Nf3 {[%emt 0:00:00]} Nc6 {[%emt 0:00:30]} 4. d4 {[%emt 0:00:30]} d5 {[%emt 0:01:30]} 5. exd5 {[%emt 0:00:30]} exd5 {[%emt 0:00:00]} 6. Be2 {[%emt 0:01:30]} Nf6 {[%emt 0:01:00]} 7. O-O {[%emt 0:01:30]} Be7 {[%emt 0:01:30]} 8. Be3 {[%emt 0:03:30]} cxd4 {[%emt 0:02:30]} 9. cxd4 {[%emt 0:03:30]} O-O {[%emt 0:01:30]} 10. Nc3 {[%emt 0:05:30]} Bf5 {[%emt 0:03:30]} 11. a3 {[%emt 0:03:30]} Rc8 {[%emt 0:03:30]} 12. Rc1 {[%emt 0:04:30]} Ne4 {[%emt 0:05:30]} 13. Nxe4 {[%emt 0:06:30]} dxe4 {[%emt 0:00:30]} 14. Ne5 {[%emt 0:00:30]} Nxe5 {[%emt 0:02:30]} 15. dxe5 {[%emt 0:00:00]} b6 {[%emt 0:01:30]} 16. Qxd8 {[%emt 0:01:00]} Rfxd8 {[%emt 0:02:30]} 17. h3 {[%emt 0:01:30]} Bc5 {[%emt 0:05:30]} 18. Bxc5 {[%emt 0:03:30]} Rxc5 {[%emt 0:01:30]} 19. Rxc5 {[%emt 0:00:30]} bxc5 {[%emt 0:00:30]} 20. Rd1 {[%emt 0:00:30]} Rxd1+ {[%emt 0:01:30]} 21. Bxd1 {[%emt 0:00:00]} Kf8 {[%emt 0:00:00]} 22. Kf1 {[%emt 0:02:00]} Ke7 {[%emt 0:00:00]} 23. Bb3 {[%emt 0:00:30]} Be6 {[%emt 0:00:30]} 24. Bc2 {[%emt 0:01:30]} Bd5 {[%emt 0:02:30]} 25. Ke2 {[%emt 0:01:30]} Ke6 {[%emt 0:00:00]} 26. f4 {[%emt 0:00:30]} exf3+ {[%emt 0:00:00]} 27. gxf3 {[%emt 0:00:00]} Kxe5 {[%emt 0:00:30]} 28. Bxh7 {[%emt 0:00:00]} g6 {[%emt 0:00:30]} 29. h4 {[%emt 0:00:30]} Kf6 {[%emt 0:00:30]} 30. h5 {[%emt 0:00:30]} Kg7 {[%emt 0:00:30]} 31. hxg6 {[%emt 0:00:30]} fxg6 {[%emt 0:00:30]} 32. Bxg6 {[%emt 0:00:30]} Kxg6 {[%emt 0:00:00]} 33. Ke3 {[%emt 0:00:00]} a5 {[%emt 0:00:00]} 34. Kd3 {[%emt 0:00:00]} Bb3 {[%emt 0:01:30]} 35. a4 {[%emt 0:01:30]} Kf5 {[%emt 0:00:30]} 36. Kc3 {[%emt 0:01:30]} c4 {[%emt 0:00:30]} 37. Kd4 {[%emt 0:01:30]} Kf4 {[%emt 0:02:30]} 38. Kc5 {[%emt 0:00:30]} Kxf3 {[%emt 0:00:30]} 39. Kb5 {[%emt 0:01:30]} Ke2 {[%emt 0:00:30]} 40. Kxa5 {[%emt 0:00:30]} Kd2 {[%emt 0:00:00]} 41. Kb4 {[%emt 0:00:00]} Kc2 {[%emt 0:00:00]} 42. Ka3 {[%emt 0:00:00]} Bxa4 {[%emt 0:01:30]} 43. Ka2 {[%emt 0:00:00]} Be8 {[%emt 0:00:30]} 44. Ka1 {[%emt 0:00:00]} Bf7 {[%emt 0:00:30]} 45. b3 {[%emt 0:03:30]} c3 {[%emt 0:00:30]} 46. b4 {[%emt 0:01:30]} Kd2 {[%emt 0:00:30]} 47. b5 {[%emt 0:00:30]} c2 {[%emt 0:00:00]} 48. b6 {[%emt 0:00:30]} c1=Q# {[%emt 0:00:00]} 0-1

[Event "Turkish Women-ch Arzum 2022"]
[Site "Ayvalik"]
[Date "2022.03.08"]
[Round "5.28"]
[White "Engel, Ecrin Tuana"]
[Black "Buyuk, Elvin Esma"]
[Result "1/2-1/2"]
[WhiteElo "1250"]
[BlackElo "1326"]
[Annotator "NA RC"]
[PlyCount "57"]
[EventDate "2022.03.04"]
[EventType "swiss"]
[EventCountry "TUR"]
[SourceTitle "playchess.com"]
[Source "ChessBase"]
[SourceQuality "1"]
[TimeControl "5400+30"]

1. e4 {[%emt 0:01:00]} Nc6 {[%emt 0:01:00]} 2. Nf3 {[%emt 0:00:30]} e6 {[%emt 0:00:00]} 3. d4 {[%emt 0:00:00]} Nf6 {[%emt 0:01:00]} 4. e5 {[%emt 0:01:00]} Nd5 {[%emt 0:00:30]} 5. c4 {[%emt 0:01:30]} Nb6 {[%emt 0:01:30]} 6. Nc3 {[%emt 0:01:30]} d5 {[%emt 0:01:30]} 7. c5 {[%emt 0:11:30]} Nd7 {[%emt 0:00:30]} 8. Bb5 {[%emt 0:00:30]} Ne7 {[%emt 0:03:30]} 9. O-O {[%emt 0:05:30]} c6 {[%emt 0:03:30]} 10. Ba4 {[%emt 0:02:30]} h6 {[%emt 0:02:30]} 11. Ne1 {[%emt 0:06:30]} b5 {[%emt 0:05:30]} 12. Bc2 {[%emt 0:01:30]} g6 {[%emt 0:01:30]} 13. Bd3 {[%emt 0:04:30]} Bg7 {[%emt 0:03:30]} 14. Nc2 {[%emt 0:00:30]} a5 {[%emt 0:02:30]} 15. a3 {[%emt 0:01:30]} O-O {[%emt 0:03:30]} 16. Bd2 {[%emt 0:02:30]} Kh7 {[%emt 0:12:30]} 17. f4 {[%emt 0:12:30]} f5 {[%emt 0:06:30]} 18. Qf3 {[%emt 0:06:30]} Ba6 {[%emt 0:06:30]} 19. b4 {[%emt 0:01:30]} a4 {[%emt 0:00:30]} 20. Kh1 {[%emt 0:09:30]} Kg8 {[%emt 0:03:30]} 21. Rg1 {[%emt 0:08:30]} Kf7 {[%emt 0:01:30]} 22. g4 {[%emt 0:00:30]} Qc7 {[%emt 0:02:30]} 23. gxf5 {[%emt 0:00:47]} exf5 {[%emt 0:06:30]} 24. Ne3 {[%emt 0:02:40]} Ke8 {[%emt 0:04:30]} 25. Ng2 {[%emt 0:00:34]} Rg8 {[%emt 0:01:30]} 26. Nh4 {[%emt 0:00:51]} Nf8 {[%emt 0:00:30]} 27. Rg3 {[%emt 0:00:41]} Bc8 {[%emt 0:02:30]} 28. Rag1 {[%emt 0:01:18]} Be6 {[%emt 0:01:30]} 29. Qf2 {[%emt 0:02:13]} 1/2-1/2

[Event "Turkish Women-ch Arzum 2022"]
[Site "Ayvalik"]
[Date "2022.03.08"]
[Round "5.29"]
[White "Bursali, Ela"]
[Black "Aksoy, Duru"]
[Result "1-0"]
[WhiteElo "1353"]
[BlackElo "1223"]
[Annotator "NA RC"]
[PlyCount "117"]
[EventDate "2022.03.04"]
[EventType "swiss"]
[EventCountry "TUR"]
[SourceTitle "playchess.com"]
[Source "ChessBase"]
[SourceQuality "1"]
[TimeControl "5400+30"]

1. e4 {[%emt 0:01:00]} c5 {[%emt 0:01:00]} 2. Nc3 {[%emt 0:00:00]} d6 {[%emt 0:01:30]} 3. f4 {[%emt 0:00:00]} Nc6 {[%emt 0:01:30]} 4. Nf3 {[%emt 0:00:30]} g6 {[%emt 0:00:30]} 5. Bc4 {[%emt 0:00:30]} Bg7 {[%emt 0:01:30]} 6. O-O {[%emt 0:00:30]} Nf6 {[%emt 0:01:30]} 7. Qe1 {[%emt 0:02:30]} O-O {[%emt 0:00:30]} 8. d3 {[%emt 0:00:30]} Bg4 {[%emt 0:06:30]} 9. Ng5 {[%emt 0:05:30]} h6 {[%emt 0:02:30]} 10. Nxf7 {[%emt 0:00:30]} Rxf7 {[%emt 0:00:30]} 11. Bxf7+ {[%emt 0:00:00]} Kxf7 {[%emt 0:00:30]} 12. h3 {[%emt 0:04:00]} Bc8 {[%emt 0:01:30]} 13. Be3 {[%emt 0:06:30]} b6 {[%emt 0:04:30]} 14. Qh4 {[%emt 0:08:30]} Bb7 {[%emt 0:07:30]} 15. a3 {[%emt 0:06:30]} Qd7 {[%emt 0:05:30]} 16. f5 {[%emt 0:03:30]} g5 {[%emt 0:03:30]} 17. Qg3 {[%emt 0:02:30]} Rc8 {[%emt 0:03:30]} 18. Ne2 {[%emt 0:04:30]} Ne5 {[%emt 0:03:30]} 19. h4 {[%emt 0:09:30]} Nh5 {[%emt 0:05:30]} 20. Qe1 {[%emt 0:01:30]} g4 {[%emt 0:07:30]} 21. Nf4 {[%emt 0:02:30]} Nf6 {[%emt 0:02:30]} 22. Ne6 {[%emt 0:01:30]} d5 {[%emt 0:00:30]} 23. Bf4 {[%emt 0:01:30]} Nc6 {[%emt 0:03:30]} 24. e5 {[%emt 0:01:30]} Nh5 {[%emt 0:02:30]} 25. Nxc5 {[%emt 0:00:30]} Qe8 {[%emt 0:02:30]} 26. Nxb7 {[%emt 0:01:30]} Nxf4 {[%emt 0:01:30]} 27. Rxf4 {[%emt 0:00:00]} Rb8 {[%emt 0:00:30]} 28. Rxg4 {[%emt 0:01:00]} Rxb7 {[%emt 0:01:30]} 29. d4 {[%emt 0:00:30]} Qf8 {[%emt 0:03:30]} 30. Qg3 {[%emt 0:00:30]} h5 {[%emt 0:02:30]} 31. Rf4 {[%emt 0:01:30]} Nd8 {[%emt 0:02:30]} 32. Qg6+ {[%emt 0:01:30]} Kg8 {[%emt 0:00:30]} 33. Raf1 {[%emt 0:00:00]} Kh8 {[%emt 0:02:30]} 34. Qxh5+ {[%emt 0:00:00]} Kg8 {[%emt 0:00:00]} 35. Qg6 {[%emt 0:00:30]} Kh8 {[%emt 0:00:00]} 36. g4 {[%emt 0:00:30]} Nf7 {[%emt 0:00:30]} 37. Qh5+ {[%emt 0:00:30]} Kg8 {[%emt 0:00:30]} 38. g5 {[%emt 0:00:00]} Nh8 {[%emt 0:01:30]} 39. f6 {[%emt 0:00:00]} exf6 {[%emt 0:01:21]} 40. exf6 {[%emt 0:00:30]} Rf7 {[%emt 0:00:21]} 41. fxg7 {[%emt 0:01:30]} Qxg7 {[%emt 0:00:17]} 42. Rxf7 {[%emt 0:00:30]} Nxf7 {[%emt 0:00:13]} 43. Qxf7+ {[%emt 0:00:30]} Qxf7 {[%emt 0:00:30]} 44. Rxf7 {[%emt 0:00:30]} Kxf7 {[%emt 0:00:18]} 45. h5 {[%emt 0:00:00]} a5 {[%emt 0:00:30]} 46. a4 {[%emt 0:00:00]} Kg7 {[%emt 0:00:30]} 47. Kf2 {[%emt 0:00:00]} Kh7 {[%emt 0:00:00]} 48. Kf3 {[%emt 0:00:00]} Kg7 {[%emt 0:00:00]} 49. Kf4 {[%emt 0:00:30]} Kh7 {[%emt 0:00:30]} 50. Kf5 {[%emt 0:00:00]} Kg7 {[%emt 0:00:00]} 51. h6+ {[%emt 0:00:00]} Kh7 {[%emt 0:00:00]} 52. Kf6 {[%emt 0:00:00]} Kh8 {[%emt 0:00:30]} 53. g6 {[%emt 0:00:00]} Kg8 {[%emt 0:00:00]} 54. h7+ {[%emt 0:00:00]} Kh8 {[%emt 0:00:00]} 55. c3 {[%emt 0:00:00]} b5 {[%emt 0:00:30]} 56. axb5 {[%emt 0:00:00]} a4 {[%emt 0:00:00]} 57. b6 {[%emt 0:00:00]} a3 {[%emt 0:00:00]} 58. b7 {[%emt 0:00:30]} axb2 {[%emt 0:00:00]} 59. b8=Q# {[%emt 0:00:00]} 1-0